000 00268nam a2200121Ia 4500
001 28026
003 92716
005 20201025090900.0
008 ||||||n9999 ||| || ||
245 0 _aHerencia y la etiologia de las neurosis
562 _e0
942 _cCHAP
999 _c28026
_d28026